| 000 | 00539cam a2200193ua 4500 | ||
|---|---|---|---|
| 001 | 2223 | ||
| 005 | 20260515113448.0 | ||
| 008 | 110811n ii |||gr||||Z||||||eng | ||
| 040 | _cMAIN | ||
| 082 | _a150 | ||
| 100 | _aSingh, A. K., | ||
| 245 | 1 |
_aTests, measurements and research methods in behavioural sciences _cby A. K. Singh |
|
| 250 | _a2nd. | ||
| 260 |
_aPatna: _bBharati Bhawan,997. |
||
| 300 |
_a498p: _c23cm. |
||
| 653 | _aPsychology | ||
| 653 | _aTests, measurements and research methods in behavioural sciences | ||
| 942 | _cBK | ||
| 999 |
_c2088 _d2088 |
||